000 01024nam a2200229Ia 4500
999 _c42514
_d42514
001 9211
003 GE_BSU
005 20221213113123.0
008 181216s1980ge xx |||||||||||||| ||geo||
040 _cGE_BSU
041 _ageo
080 _a821.353.1-32 ₾-85
100 _aლორთქიფანიძე,კონსტანტინე
_916374
245 _aსიტყვა იყო ღმერთი :
_bახალი მოთხრობები /
_cკ.ლორთქიფანიძე, რედ. ვალენტინა ძიძიგური
250 _aპირველი გამოცემა
264 _aქუთაისი :
_bსაბჭ.საქართველო,
_c1980.
300 _a375 გვ;
_b17 სმ.
653 _aახალი მოთხრობები
653 _aსიტყვა იყო ღმერთი
700 _aძიძიგური, ვალენტინა
_eრედაქტორი
_916375
942 _cBK
_2udc